[Event "WchT 8th"]
[Site "Ningbo"]
[Date "2011.07.21"]
[Round "5.2"]
[White "Eljanov, Pavel"]
[Black "Gashimov, Vugar"]
[Result "1/2-1/2"]
[WhiteElo "2697"]
[BlackElo "2760"]
[Annotator "Marin,M"]
[PlyCount "118"]
[EventDate "2011.07.17"]
[EventType "team-tourn"]
[EventRounds "9"]
[EventCountry "CHN"]
[SourceTitle "CBM 144"]
[Source "ChessBase"]
[SourceDate "2011.09.16"]
[SourceVersion "1"]
[SourceVersionDate "2011.09.16"]
[SourceQuality "1"]
[WhiteTeam "Ukraine"]
[BlackTeam "Azerbaijan"]
[WhiteTeamCountry "UKR"]
[BlackTeamCountry "AZE"]

1. d4 Nf6 2. c4 e6 3. Nf3 c5 4. d5 d6 5. Nc3 exd5 6. cxd5 g6 7. Bf4 a6 8. a4
Bg7 9. h3 O-O 10. e3 {As a constant adherent of the Benoni, Gashimov has faced
this fashionable system quite frequently. In order to avoid specific
preparation, he tends to slightly change his setups.} Ne8 11. Be2 Nd7 12. O-O
h6 $5 ({In two earlier games, he preferred} 12... Qe7 {, but ...h6 is a
recurring theme anyway, for instance} 13. Re1 h6 {Aronian,L (2781)-Gashimov,V 
(2759)/Linares 2010/CBM 135/[Marin,M] (1-0, 58)}) 13. e4 $146 {After this
slight weakening of the f4- and d4-squares, Black's plan of a blockade on the
dark squares becomes quite realistic.} (13. Nd2 Ne5 {This may be the main
cause for Black's problems. Maybe he should have advanced his kingside pawns
without exposing his knight to f2-f4.} 14. Qb3 f5 15. Bh2 g5 16. f4 $1 gxf4 17.
exf4 Nd7 18. Bd3 (18. Nc4 $5 $16) 18... Qf6 (18... Qb6 $1 $132) 19. Kh1 Nc7 20.
Nc4 (20. a5 $16) 20... Rb8 (20... b5 $5 21. axb5 axb5 22. Nxb5 Rb8 $132 23.
Ncxd6 Qxd6 24. Nxd6 Rxb3 25. Bc4 Rb4 26. Ra7 $36) 21. a5 $16 {Kazhgaleyev,M 
(2618)-Pantsulaia,L (2595) Dubai 2011 (1-0, 32)}) 13... Rb8 14. Bg3 Qe7 15. Re1
g5 {Black alternates moves on the opposite wings, getting ready for a fight
all over the board.} 16. a5 (16. Bf1 Ne5 (16... Nc7 $2 17. e5 $1 $18) 17. Nxe5
Bxe5 18. Bxe5 Qxe5 19. Re3 Bd7 20. a5 Nf6 $132 {/\... Kg7, ...h5, ...b5}) 16...
b5 17. axb6 Rxb6 18. Qc2 Ne5 {The knights have occupied passive squares so far,
but now they start moving forward.} 19. Nd2 Nc7 {[%cal Gc7b5,Gb5d4]} 20. Bxe5
Bxe5 21. Nc4 Rb4 22. Na2 Rb7 $6 {A rather uninspired move. The rook has little
chance to switch to the kingside along the seventh rank. Besides, the a6-pawn
is left without the natural defence of the bishop, while the rook itself is
exposed.} (22... Rb8 $1 23. Nc1 Bg7 24. Nb3 (24. Nd3 $2 {as recommended in the
game, is impossible now because of} Qxe4 $1 25. Nxd6 Qxd5 {and the rook is not
hanging.}) {Besides transposing to the game with 24...Rb4 Black can continue
his knight march with} 24... Nb5 {, since the a6-pawn is safely defended.}) 23.
Nc1 Bg7 24. Nb3 $6 (24. Nd3 $1 {would have offered increased control in the
centre, with possibilities of a decisive pawn break.} Nb5 (24... Qxe4 $2 25.
Nxd6 $16) 25. Bg4 Nd4 26. Qd1 Bxg4 27. hxg4 Ra8 28. e5 $40) 24... Rb4 (24...
Nb5 $6 {is unavailable because of} 25. Rxa6) 25. Nba5 {White's knights have
also improved their positions a lot.} Bd7 26. Bg4 Nb5 {An intensely tactical
phase is initiated now.} 27. Bxd7 Nd4 $1 (27... Qxd7 28. Red1 Nd4 29. Rxd4 Bxd4
30. Nc6 Rb5 31. Rxa6 $16) 28. Nc6 Qxd7 29. Nxd4 Bxd4 30. Ra3 Ra8 (30... f5 $132
) 31. Rf3 {White should not have released the pressure along the f-file.} (31.
b3 $5 $14) 31... Qe7 32. b3 a5 $132 {If Black gets time to open the queenside
with ...a4, White could lose stability. White needs to open the centre before
that.} 33. e5 $1 Bxe5 $6 (33... dxe5 34. Nxe5 (34. Qf5 a4 35. Nxe5 $6 Rxb3 $1
$17) 34... Bxe5 35. Qf5 Re8 36. d6 Bh2+ 37. Kxh2 Qxd6+ 38. g3 Re7 $13) 34. Nxe5
$6 (34. Qf5 $1 $40 Bh2+ $2 35. Kxh2 Qxe1 36. Qxf7+ Kh8 37. Rf6 $18) 34... dxe5
35. Qf5 e4 $1 36. h4 Rd8 $6 (36... gxh4 37. Rf4 e3 38. Rxe3 Rxf4 39. Qxf4 Qg5
$11) 37. hxg5 Qd7 38. gxh6 Qxf5 39. Rxf5 {The structure has become completely
chaotic, but Black will manage to work out his way towards a drawn rook ending
with a pawn down.} Rd6 40. h7+ Kxh7 41. Rxf7+ Kg6 42. Ra7 Rxd5 43. Rxa5 Kf5 44.
Rc1 Rxb3 45. Raxc5 Rxc5 46. Rxc5+ Kf6 $11 47. Kf1 e3 48. f4 Rb2 49. g3 Rf2+ 50.
Kg1 Ra2 51. Re5 Re2 52. g4 Rf2 53. Re4 Kg6 54. f5+ Kg5 55. Rxe3 Rf4 56. Rg3 Ra4
57. Rg2 Ra6 58. Kh2 Kf4 59. f6 Rxf6 1/2-1/2

[Event "WchT 8th"]
[Site "Ningbo"]
[Date "2011.07.24"]
[Round "7.2"]
[White "Onischuk, Alexander"]
[Black "Gashimov, Vugar"]
[Result "1/2-1/2"]
[WhiteElo "2675"]
[BlackElo "2760"]
[Annotator "Marin,M"]
[PlyCount "100"]
[EventDate "2011.07.17"]
[EventType "team-tourn"]
[EventRounds "9"]
[EventCountry "CHN"]
[SourceTitle "CBM 144"]
[Source "ChessBase"]
[SourceDate "2011.09.16"]
[SourceVersion "1"]
[SourceVersionDate "2011.09.16"]
[SourceQuality "1"]
[WhiteTeam "US of America"]
[BlackTeam "Azerbaijan"]
[WhiteTeamCountry "USA"]
[BlackTeamCountry "AZE"]

1. d4 Nf6 2. c4 e6 3. Nf3 c5 4. d5 d6 5. Nc3 exd5 6. cxd5 a6 7. a4 g6 8. Bf4
Bg7 9. h3 O-O 10. e3 Re8 ({Personally, I prefer this developing move over
Gashimov's other specialty} 10... Ne8) 11. Be2 ({For} 11. Nd2 Nbd7 $5 {see
Eljanov,P (2751)-Gashimov,V (2734)/Astrakhan 2010/CBM 137/[Marin,M] (1/2, 61)})
11... Ne4 {This plan is also possible in the fianchetto system after White has
weakened his queenside with Bf4 and a2-a4.} 12. Nxe4 ({White does not get much
by refraining from this exchange.} 12. Qb3 Nd7 13. O-O Ndf6 14. Rfd1 Rb8 15.
Bxa6 Bxh3 $1 16. Bb5 Bd7 17. Bxd7 Qxd7 18. Nb5 Ng4 19. Rf1 h6 20. Rad1 g5 $15 {
Astrotenko,A-Badmatsyrenov,O (2200)/Russia 2007/EXT 2008 (0-1, 49)}) 12... Rxe4
13. Nd2 Rb4 {With the bishop on c1, the rook would be in some danger, but the
way it is, it displays a high level of activity.} 14. Nc4 Nd7 (14... Bxb2 {
looks at least risky, although there is no clear refutation:} 15. Nxb2 Rxb2 16.
h4 (16. O-O $44) 16... Qf6 17. Qc1 Bf5 18. f3 Bc2 19. Kf1 Nd7 $36 {Kappeler,K 
(2204)-Loetscher,R (2390)/Switzerland 2008/EXT 2009 (0-1, 72)}) 15. O-O Nb6
$146 ({Deviating from an earlier game of his, true from a blitz event:} 15...
Ne5 16. Bxe5 dxe5 $5 {[%cal Gg7f8,Gf8d6]} 17. a5 Bd7 18. Nb6 Rb8 19. Qc2 Bf8
20. b3 Rxb6 $5 21. axb6 Qxb6 22. Qc3 Bd6 $44 {Wojtaszek,R (2726)-Gashimov,V 
(2733)/Warsaw blitz Eu-ch 2010/CBM 139 Extra (1-0, 63). Despite the missing
exchange, Black's position looks impossible to crack. He may even become
ambitious on the queenside.}) 16. Nxd6 $8 {White has to embark this forced
operation, otherwise his queenside would be doomed all the same.} Rxf4 17. Nxc8
Rb4 ({An equally good alternative is} 17... Rxa4 18. Rxa4 Nxa4 19. Qxa4 Rxc8
20. b3 Qd6 $11) 18. Nxb6 Qxb6 19. a5 Qd6 20. Ra2 Bxb2 $11 {Black has obtained
a safe blockade on the dark squares. White's structure looks more flexible,
but this is not easy to take advantage of in practice. First of all, advancing
the kingside majority would weaken the king's defence. Secondly, the blocking
a5-pawn is on a dark square, making it a comfortable target for the enemy
bishop. In fact, neither side can display too much activity and a draw is
quite probable. In the game, it will be Black who will try to get the upper
hand, but without any tangible success.} 21. Qc2 Bg7 22. Bc4 Re8 23. Rc1 f5 24.
g3 Bf6 25. Bf1 Rc8 26. Rb1 Rc7 27. Bc4 Re7 28. Kg2 Re4 29. Rxb4 {White cannot
avoid this exchange forever.} (29. Bd3 Rxb1 30. Bxe4 (30. Qxb1 $2 Rb4 31. Qc2
Qxd5+ $19) 30... Rb4 31. Bf3 c4 $15) 29... cxb4 30. Qd3 Kg7 31. Re2 Bd8 (31...
h5 $5) 32. Ra2 Re8 33. Bb3 Bf6 34. Rc2 Bc3 35. Qc4 ({White can only get
troubles after the thematic exchange sacrifice} 35. Rxc3 $6 {How is he going
to continue?}) 35... Re4 36. Qd3 Re7 37. Re2 Rc7 38. Ra2 Rc5 39. Rc2 Rc7 40.
Re2 Bf6 41. Rc2 Rxc2 (41... Rc3 42. Rxc3 bxc3 43. Qc4 {does not offer Black
too much, either.}) 42. Qxc2 Bd8 43. Qc8 Qc7 44. Qe6 Qe7 45. Kf3 Qxe6 46. dxe6
Kf6 47. Bd5 b6 48. axb6 Bxb6 49. Bb3 Bc5 50. Ke2 a5 1/2-1/2

[Event "Benasque op 20th"]
[Site "Benasque"]
[Date "2000.07.12"]
[Round "7"]
[White "Danailov, Silvio"]
[Black "Marin, Mihail"]
[Result "0-1"]
[WhiteElo "2470"]
[BlackElo "2557"]
[Annotator "Marin,M"]
[PlyCount "64"]
[EventDate "2000.07.06"]
[EventType "swiss"]
[EventRounds "10"]
[EventCountry "ESP"]
[SourceTitle "CBM 078"]
[Source "ChessBase"]
[SourceDate "2000.10.18"]
[SourceVersion "1"]
[SourceVersionDate "2000.10.18"]
[SourceQuality "1"]

1. d4 Nf6 2. Nf3 e6 3. c4 c5 4. d5 d6 5. Nc3 exd5 6. cxd5 g6 7. h3 a6 8. a4 Qe7
9. Bg5 Bg7 10. e3 h6 11. Bh4 O-O 12. Nd2 Nbd7 13. Be2 Ne5 14. O-O (14. Qc2 {
Danailov}) 14... g5 15. Bg3 Bf5 16. a5 Rae8 17. Ra4 Nfd7 (17... Qc7 18. f4 Nd3
19. fxg5 Nxb2 20. Qb3 Nxa4 21. gxf6 $16) 18. e4 Bg6 19. Re1 (19. f4) 19... Qd8
20. Nf1 c4 $1 21. Ne3 Nc5 22. Bxe5 Bxe5 23. Rxc4 Bxc3 24. Rxc3 Nxe4 (24... Rxe4
25. Rc4 $14) 25. Rb3 (25. Ra3 Qf6 26. Ng4 Qxb2 $17) 25... Re7 (25... Qxa5 26.
Rxb7 Nxf2 27. Kxf2 Rxe3 28. Kxe3 Qc5+ 29. Kf3 Qc8 30. Rb4 $1) 26. Nc4 Rfe8 27.
Rb6 Qc7 28. Rf1 (28. Qd4 Nc5 29. Ne3 Nd7 30. Rb4 Qxa5 $17) 28... Qc5 $6 (28...
Ng3 $142 $1 {Cifuentes} 29. fxg3 Rxe2 30. Nxd6 Qc5+ 31. Kh2 (31. Kh1 Bc2 32. b4
Qe3 33. Qc1 Qxg3 $19) 31... Bc2 $1 32. b4 $5 (32. Qc1 Qxd5 33. Rg1 R8e7 $17)
32... Qc3 33. Qc1 R8e3 $40) (28... Nd2 $6 29. Qxd2 Rxe2 30. Qb4 $16 {><d6}) 29.
b4 $8 Qc7 30. Qd4 Nd2 31. Nxd6 $6 (31. Nxd2 Rxe2 32. Nf3 R2e4 33. Qb2 (33. Qf6
Rf4) 33... Rf4 34. Rd1 Qd7 35. Nd4 g4 $132) 31... Nxf1 32. Nxe8 $4 (32. Bxf1
$142 $44) 32... Qh2+ 0-1

[Event "Astrakhan FIDE GP"]
[Site "Astrakhan"]
[Date "2010.05.13"]
[Round "4"]
[White "Eljanov, Pavel"]
[Black "Gashimov, Vugar"]
[Result "1/2-1/2"]
[WhiteElo "2751"]
[BlackElo "2734"]
[Annotator "Marin,M"]
[PlyCount "121"]
[EventDate "2010.05.10"]
[EventType "tourn"]
[EventRounds "13"]
[EventCountry "RUS"]
[EventCategory "20"]
[SourceTitle "CBM 137"]
[Source "ChessBase"]
[SourceDate "2010.07.15"]
[SourceVersion "1"]
[SourceVersionDate "2010.07.15"]
[SourceQuality "1"]

1. d4 Nf6 2. c4 c5 3. d5 e6 4. Nc3 exd5 5. cxd5 d6 6. Nf3 g6 7. Bf4 {This move
has enjoyed a burst of popularity lately.} a6 (7... Bg7 {has proved not
entirely adequately in another recent game at the top level.} 8. Qa4+ Bd7 9.
Qb3 {Gelfand,B (2761)-Gashimov,V (2759)/Linares 2010/CBM 136/[Marin] (1/2, 54)}
) 8. a4 Bg7 9. h3 O-O 10. e3 Re8 $5 {A logical developing move.} ({Just few
months earlier, Vugar preferred to prepare ...Nbd7 with} 10... Ne8 {Aronian,L 
(2781)-Gashimov,V (2759)/Linares 2010/CBM 136/[Marin] (1-0, 58)}) 11. Nd2 {
White prevents the freeing ...Ne4.} (11. Be2 Ne4 12. Nxe4 Rxe4 13. Nd2 Rb4 14.
Nc4 Bxb2 15. Nxb2 Rxb2 16. h4 Qf6 17. Qc1 Bf5 {Kappeler,K (2204)-Loetscher,R 
(2390)/Switzerland 2008/EXT 2009 (0-1, 72). White had no compensation for the
sacrificed pawn.}) 11... Nbd7 $1 {We can see that Black's previous move has
been an indirect way of preparing this desirable developing move, without the
necessity of retreating with the other knight on to the back rank. The point
is that the capture on d6 would not attack the rook.} 12. Be2 (12. Bxd6 Nb6 13.
Bxc5 Nfxd5 14. Bxb6 (14. Qb3 $6 Be6 $15) 14... Nxb6 15. Be2 Nd5 $44 {Black's
bishop pair in an open position and the weakness of the white queenside offer
entirely adequate compensation for the missing pawn.}) 12... Ne5 {Black has
managed to neutralise the pressure against the d6-pawn by keeping the natural
course of development, which can be considered as a relative success after the
opening.} 13. O-O Nfd7 $146 {A slight modification of the plan employed by
Vugar in another recent game.} (13... Rb8 14. e4 Nfd7 (14... b6 {makes
slightly less sense than in a line mentioned later. With his rook on b8
already, Black cannot transfer it to the kingside along the seventh rank,
because the a8-pawn would be hanging after ...Rb7.}) 15. Bh2 g5 {A well known
method of fighting for the dark squares, which is usually employed in the
classical system, where the dark-squared bishop is more passive on c1,
obstructed by the d2-knight.} 16. f4 gxf4 17. Bxf4 Nf8 18. Rf2 Nfg6 19. Be3 {
Black has a comfortable development and enjoys absolute stability on dark
squares. However, he has to take into account that the weakness of the
f5-square has a long term character.} Bd7 20. a5 b5 21. axb6 Rxb6 {By keeping
two fronts open, Black prevents his opponent from establishing a stable
domination.} 22. Qc2 Qh4 23. Nf1 Reb8 24. Qc1 Rxb2 25. Rxa6 (25. Bg5 $2 Qxf2+
26. Kxf2 Nd3+ $19) 25... Bh6 $2 {Probably the fruit of time trouble. Black had
a normal position and should not employ such radical measures.} (25... R2b3 26.
Rxd6 $6 Rxc3 27. Qxc3 Nf3+ 28. Bxf3 Bxc3 29. Rxd7 Ne5) (25... Qe7 $11) (25...
Bf8 $11 26. Bg5 $2 Qxf2+ $1 $19) 26. Bxh6 Nd3 27. Qe3 ({This is good enough,
but the move suggested by the engines,} 27. g3 $3 $18 {[%csl Gf2] seems even
more convincing. Once the f2-rook is not under attack from the queen anymore,
there is no tactical trick that can save Black.}) 27... Nxf2 28. Bg5 Nxh3+ 29.
gxh3 Qxh3 30. Rxd6 $16 {Sokolov,I (2655)-Gashimov,V (2740)/Mainz 2009/CBM 131
Extra (1-0, 41)}) 14. Qc2 {Deviating from the plan used by White in the
aforementioned game.} ({In the event of} 14. e4 {, Black may have continued
with} b6 $5 {for instance} 15. Bh2 g5 16. f4 gxf4 17. Bxf4 Nf8 {, eventually
followed by ...Ra7. In this line, White will not have the possibility of
disrupting the black structure with a4-a5 anymore.}) 14... f5 {Black
immediately occupies the space offered.} 15. Bg3 ({With the knight on d7 still,
} 15. a5 {is not dangerous because of} b5 16. axb6 Nxb6 {with good control
over the critical c4-square.}) ({In some lines, the bishop will be hanging on
g3, which makes} 15. Bh2 $5 {an important alternative. True, it would be more
passive, not to speak about possible back rank problems in some extreme cases.}
) 15... b6 {Unlike in nthe previous game, Gashimov prefers to maintain the
flexibility of his queenside structure.} (15... Nf6 $6 {is premature because of
} 16. a5 {, when the queenside weaknesses are more difficult to defend.}) 16.
b3 Nf6 17. Nc4 Nf7 $1 {Since an exchange on c4 would leave the b6-pawn weak on
an open file, Black has no interest in maintaining the tension. From f7, the
knight defends the d6-pawn securely and covers the a2-g8 diagonal.} 18. Rab1
Bb7 {Suddenly, White has some probems with his d5-pawn, a direct consequence
of having refrained from e3-e4 after the opening.} 19. b4 $5 ({The more solid} 
19. Rfd1 {can be answered with} Rc8 {, putting the thematic b3-b4 out of the
question. This would leave White without a constructive queenside plan, while
on the opposite wing Black may try improving his position gradually.}) 19...
cxb4 (19... Nxd5 20. Nxd5 Bxd5 21. bxc5 bxc5 22. Nxd6 Nxd6 23. Rfd1 Be4 24.
Qb3+ $16) 20. Rxb4 Rc8 $132 {The pressure along the c-file is not easy to
neutralise.} 21. Rd1 (21. Nxb6 Nxd5 $1 $19 {leaves White pinned and hanging:}
22. Nbxd5 Bxd5 {The bishop covers the c4- and b3-square, leaving the white
knight doomed.}) (21. Rxb6 Rxc4 22. Rxb7 Rc5 {is similar to the game.}) 21...
a5 $5 22. Rxb6 (22. Rb3 Ba6 23. Nb5 Ne4 $36) 22... Rxc4 23. Rxb7 Rc5 24. Qd2
Nh5 25. Bxh5 $5 {Sacrificing a piece in order to avoid losing the initiative
completely.} (25. Rc1 Nxg3 26. fxg3 Qg5 $36 {This is one of the cases when the
bishop stands badly on g3.}) 25... Bxc3 26. Qd3 gxh5 27. Qxf5 Qf6 28. Qxh5 Qg6
29. Qxg6+ hxg6 30. Rd7 Be5 $15 {Materially speaking, White has enough
compensation for the piece (3 pawns). However, the d5-pawn is doomed and White
has to look for ways of keeping the balance level.} 31. Bxe5 Rxe5 32. Rb1 Rcxd5
33. Rbb7 Rd1+ 34. Kh2 Rf5 35. f4 Rd2 36. h4 Ra2 37. Ra7 Rb2 38. Re7 Kg7 39. Kh3
Rb3 40. g3 Kf8 41. Re6 Kg7 42. Kg2 Rf6 43. Re8 d5 44. Re5 Kg8 45. Ra8+ Kg7 46.
Re7 Ra3 47. Rxa5 Kf8 48. Rd7 Rxe3 49. Raxd5 Rc6 50. Rd3 Rc3 51. Rxe3 Rxe3 52.
Rd5 Ra3 53. a5 Nh6 54. Rg5 Kf7 55. h5 gxh5 56. Rxh5 Kg6 57. Rg5+ Kf6 58. g4
Nxg4 59. Rxg4 Rxa5 60. Rg5 Rxg5+ 61. fxg5+ 1/2-1/2